[Event "Saint Louis Invitational-B 2018"]
[Site "Saint Louis"]
[Date "2018.11.19"]
[Round "6"]
[White "Tsay, Vincent"]
[Black "Yip, Carissa"]
[Result "1/2-1/2"]
[WhiteElo "2342"]
[BlackElo "2318"]
[Annotator "TA"]
[PlyCount "130"]
[EventDate "2018.11.16"]
[EventType "tourn"]
[EventCountry "USA"]
[SourceTitle "playchess.com"]
[Source "ChessBase"]
[SourceQuality "1"]

{[%evp 9,130,-1,27,21,29,22,69,78,68,68,83,75,82,22,17,16,33,9,25,13,43,20,8,-81,0,0,0,0,93,93,88,87,88,95,153,140,137,141,116,104,215,208,209,85,84,71,95,81,68,66,152,145,152,174,390,369,387,387,355,0,163,0,330,194,310,300,314,316,297,296,216,209,297,327,280,0,0,-300,-293,-340,-123,-141,-158,-83,0,-229,-71,-413,-385,-564,-554,-811,-712,-650,-383,-385,-385,-383,-383,-633,-25,-30,-8,-165,0,0,0,-150,0,0,0,0,0,0,0,0,0,0,0,0,0,0,352]} 1. d4 d5 2. c4 e6 3. Nf3 Nf6 4. g3 Bb4+ 5. Bd2 Bd6 (5... Be7 6. Bg2 O-O 7. O-O Nbd7 8. Nc3 c6 9. Bf4 dxc4 10. e4 Re8 11. a4 b6 12. d5 exd5 13. exd5 Bb7 14. a5 bxa5 15. d6 Bf8 16. Nd2 Nd5 17. Nxd5 cxd5 18. Nxc4 dxc4 19. Bxb7 {½-½ (42) Nakamura,H (2777)-Karjakin,S (2773) Saint Louis 2018}) 6. Bg2 {E01: Catalan: Early deviations} c6 7. O-O dxc4 8. Ne5 $146 {White is slightly better.} ({Predecessor:} 8. a4 O-O 9. Qc2 b5 10. axb5 cxb5 11. Ng5 h6 12. Bxa8 hxg5 13. Bxg5 a6 14. Bg2 {½-½ (48) Tharushi,T (1582)-Wijesuriya,G (1603) Colombo 2017}) 8... Bxe5 9. dxe5 Nd5 10. e4 Ne7 11. Bb4 (11. Qc2 $16) 11... Qxd1 12. Rxd1 Nd7 13. Bd6 {[%mdl 1024] White has compensation.} b5 14. a4 $36 {[%mdl 2048] Threatens to win with axb5. White has some pressure.} Bb7 15. Na3 {[%cal Bb1a3,Ba3c2,Bc2e3][%mdl 32]} a6 16. Rd2 (16. f4 $11) 16... Nc8 (16... g5 $1 $17) 17. Bc7 $11 c5 $1 18. Nc2 Ncb6 (18... h5 $11) 19. Rad1 $1 $16 Rc8 20. a5 $1 {[%cal Ra5b6]} Na8 21. Bd6 (21. Rxd7 Nxc7 22. Ne3 Ba8 $11) 21... Bc6 ({Black should try} 21... h5) 22. Ne3 $1 Nc7 23. f4 h5 24. h3 f6 (24... Bb7 $16) 25. exf6 gxf6 26. e5 (26. Bxc7 $18 Rxc7 27. Rd6) 26... Bxg2 27. Kxg2 {exf6 is the strong threat.} fxe5 28. fxe5 Rh7 29. g4 Rg7 (29... hxg4 $14 30. hxg4 Kd8) 30. Kg3 hxg4 31. hxg4 Nb8 $2 (31... Nf8 {is a better defense.} 32. Rh1 (32. Bxc5 Nh7 $16) 32... Ng6) 32. Rh2 $18 Kf7 33. Rf1+ Ke8 34. Rd1 (34. Bxc5 Kd7 $18) (34. Rf8+ $142 Kd7 35. Rd2 (35. Bxc5 Ne8 $14)) 34... Kf7 $1 35. Rf1+ $2 (35. Rh6) 35... Ke8 $1 36. Rf8+ (36. Bxc5 Kd7 $18) 36... Kd7 37. Rxc8 (37. Bxc5 Rxf8 38. Bxf8 Rf7 $14) 37... Kxc8 38. Rh8+ $1 ({Inferior is} 38. Bxc5 Nc6 $11) 38... Kb7 39. Kh4 ({Weaker is} 39. Bxc5 Nc6 $14) 39... Nc6 40. g5 Nd5 (40... c3 $142 41. bxc3 b4) 41. Nxd5 exd5 {[%mdl 4096] Endgame KRB-KRN} 42. Kh5 $2 ({White has to play} 42. Rf8 $1 $18) 42... d4 $11 {[%cal Bd5d4,Bd4d3][%mdl 32] aiming for ...d3.} 43. e6 $2 {[%mdl 8192]} (43. g6 $11 d3 44. Rh7 Rxh7+ 45. gxh7) 43... d3 $1 $19 {[%cal Rd3d2]} 44. Bf4 Nd4 $2 (44... Nxa5 $2 45. g6 $18) (44... b4 $1 $19 {Strongly threatening ...c3.} 45. Bd2 Re7) 45. Re8 $17 Kc6 46. g6 {Black must now prevent Kh6.} b4 (46... Kd5 $1 $17 47. e7 Ke6) 47. Bd2 $2 (47. e7 $1 $11 {and White stays safe.} Kd7 {[%mdl 64] Double Attack} 48. Rc8 $1 {[%mdl 512]} Rxe7 49. Rxc5) 47... Kd5 $2 (47... Kd6 $19 {has better winning chances.} 48. Bf4+ Kd5) 48. e7 $2 {[%mdl 8192]} (48. Kg5 $17 {nothing else works.}) 48... Ke6 $19 49. Rc8 (49. Ra8 $142 Rxe7 50. Rxa6+ Ke5 51. Kh6) 49... Rxe7 50. Rxc5 Nb3 {[%mdl 64] Double Attack} 51. Rxc4 Nxd2 {KRN-KR} 52. Rd4 Nf3 53. Rxd3 Ne5 54. Rd4 $2 (54. Rd8 Rg7 55. Ra8 Rxg6 56. Rxa6+ Kf5 57. Rxg6 Nxg6 58. a6 Nf4+ 59. Kh4) 54... Rb7 $2 (54... Kf5 $19 55. Rd6 Nxg6 $1 {[%mdl 512]} 56. Rd5+ Re5) 55. Kh6 $11 {And now g7 would win.} Nc6 56. Re4+ $2 {[#]} (56. Rf4 $11) 56... Kf6 $2 (56... Kd5 $1 $19 {[%cal Rd5e4]} 57. Rg4 Nd4 58. Rg5+ Kd6) 57. Rf4+ Ke6 (57... Ke5 $11 58. Rf7 Ne7) 58. Re4+ $17 {[#]} Kf5 ({Black should play} 58... Kd5 $1 $17 {[%cal Rd5e4]} 59. Re1 Nd4) 59. Re8 $11 {The position is equal.} Ne5 {( -> ...Ng4+)} 60. Rf8+ Ke6 61. g7 Ng4+ 62. Kg6 Ne5+ 63. Kh6 Ng4+ 64. Kg6 Ne5+ 65. Kh7 {Threatening Ra8.} Ng4 $2 {[%mdl 40960] Accuracy: White = 48%, Black = 37%. . An unexpected result.} (65... Nc6 $11) 1/2-1/2

[Event "Saint Louis Invitational-B 2018"]
[Site "Saint Louis"]
[Date "2018.11.19"]
[Round "6"]
[White "Williams, Justus"]
[Black "Marek, Matyas"]
[Result "0-1"]
[WhiteElo "2335"]
[BlackElo "2361"]
[Annotator "TA"]
[PlyCount "110"]
[EventDate "2018.11.16"]
[EventType "tourn"]
[EventCountry "USA"]
[SourceTitle "playchess.com"]
[Source "ChessBase"]
[SourceQuality "1"]

{[%evp 18,110,16,-7,20,19,16,7,43,32,35,27,45,43,29,39,70,13,13,13,14,0,0,0,0,0,0,-4,-8,-17,0,0,0,-16,-25,-25,-32,-31,-27,-77,-75,-104,-51,-59,-26,-40,-12,-19,-27,-22,-19,-25,-25,-180,-166,-168,-179,-29990,-426,-418,-418,-615,-368,-368,-363,-337,-360,-412,-404,-557,-554,-554,-562,-522,-258,-258,-225,-215,-225,-1040,-802,-719,-261,-555,-555,-555,-554,-547,-547,-539,-537,-496,-496,-455,-455]} 1. Nf3 c5 2. c4 Nc6 3. Nc3 e5 4. g3 g6 5. Bg2 Bg7 6. a3 a5 7. O-O Nge7 8. Ne1 d6 {A37: Symmetrical English vs ...g6: 4 Bg2 Bg7 5 Nf3} 9. Nc2 O-O (9... Be6 10. Ne3 O-O 11. d3 Rb8 12. Ned5 Bd7 13. Rb1 Nxd5 14. cxd5 Ne7 15. b4 cxb4 16. axb4 {½-½ (45) Le,Q (2715)-Lenic,L (2656) chess.com INT 2018}) 10. Ne3 {LiveBook: 27 Games} Bd7 {The position is equal.} 11. Rb1 Rb8 12. d3 Nd4 $146 ({Predecessor:} 12... f5 13. f4 Kh8 14. Kh1 Na7 15. a4 Nac6 16. Bd2 {½-½ (26) Commercon,S (2257)-Carow,J (2429) Neustadt an der Weinstrasse 2018}) 13. b4 axb4 14. axb4 cxb4 15. Rxb4 b5 16. Nxb5 d5 17. Nc2 (17. Ba3 $14) 17... Nxb5 $11 18. cxb5 Rxb5 19. Ba3 Rxb4 20. Nxb4 Qa5 21. Nc2 Re8 22. Bb4 Qb5 23. Qa1 Nc6 $36 {[%mdl 2048] Black has the initiative.} 24. Bd6 e4 25. Qa2 exd3 26. exd3 Be6 27. Ne3 Rd8 28. Qa3 Nd4 29. Kh1 Qc6 (29... h5 $17 30. Be7 Re8) 30. Be7 $15 Ra8 31. Qb4 Qd7 {White must now prevent ...Nc6.} 32. Bc5 Nc6 33. Qb5 Rb8 34. Qa4 Ne5 35. Qa3 $2 (35. Qa1 $11) 35... d4 $19 36. Nc2 Bd5 {( -> ...Qh3)} 37. Bd6 $2 {[#]} (37. Ne1 $19) 37... Bxg2+ (37... Qh3 $142 $1 {[%mdl 512]} 38. f3 Bxf3 $1 {[%mdl 576] Pin} 39. Ne1 Bxg2+ 40. Kg1 Ng4 41. Nf3 Bxf1 42. Qa2 Bxd3 $1 {[%mdl 512]} 43. Qxf7+ {[%mdl 64] Decoy} Kxf7 44. Ng5+ Kg8 45. Nxh3 Rb1+ 46. Kg2 Be4#) 38. Kxg2 Qc6+ {[%mdl 64] Double Attack} 39. Kh3 (39. f3 $142 Qxc2+ {[%mdl 64] Double Attack} 40. Rf2) 39... Qxc2 40. Bxb8 Qc8+ {[%mdl 64] Double Attack} 41. Kg2 {Hoping for Bxe5.} Qxb8 42. Qa6 h5 43. Ra1 Qb3 44. Qa8+ Kh7 45. Ra3 Qd1 (45... Qc2 $142 46. Ra2 Qxd3) 46. Qe4 Qd2 {And now ...Ng4 would win.} 47. Qxd4 {[#]} Nf3 $1 {[%cal Rf3e1][%mdl 512]} 48. Qe4 $2 {[#]} (48. Qe3 Ne1+ 49. Kf1) (48. Kxf3 Bxd4) 48... Ne1+ $1 49. Kf1 Qc1 $2 (49... Nc2 50. Ra2 Qd1+ 51. Kg2 f5) 50. Ra5 $2 (50. Ra2 {was necessary.} Nxd3+ {[%mdl 64] Discovered Attack} 51. Kg2) 50... Nxd3+ {Black is clearly winning.} 51. Kg2 Ne1+ 52. Kf1 Nf3+ 53. Kg2 {[#]} Qg1+ $1 54. Kxf3 {aiming for Rxh5+.} Qh1+ 55. Kf4 Qc1+ {Accuracy: White = 29%, Black = 61%.} 0-1

[Event "Saint Louis Invitational-B 2018"]
[Site "Saint Louis"]
[Date "2018.11.19"]
[Round "6"]
[White "Stearman, Josiah"]
[Black "Wang, Justin"]
[Result "1/2-1/2"]
[WhiteElo "2309"]
[BlackElo "2409"]
[Annotator "TA"]
[PlyCount "82"]
[EventDate "2018.11.16"]
[EventType "tourn"]
[EventCountry "USA"]
[SourceTitle "playchess.com"]
[Source "ChessBase"]
[SourceQuality "1"]

{[%evp 15,82,-15,-3,-20,-6,-8,11,-2,0,-28,-17,-43,-9,-29,14,-21,-22,-34,0,-33,-25,-29,0,0,0,-21,0,0,0,0,0,-9,0,0,0,0,16,0,0,0,0,0,0,-15,-15,-15,-15,-15,-15,-15,-15,-81,-15,-81,-81,-81,-81,-81,-81,-81,-81,-81,-81,-81,-81,-81,-85,-85,0]} 1. d4 Nf6 2. Bf4 d5 3. e3 c5 4. Nd2 e6 5. c3 Bd6 6. Bg3 {D00: 1 d4 d5: Unusual lines} O-O 7. Ngf3 Qc7 8. Ne5 (8. Bd3 Nbd7 9. O-O e5 10. dxe5 Nxe5 11. Nxe5 Bxe5 12. Qc2 Bxg3 13. hxg3 b6 14. e4 Bb7 15. exd5 Bxd5 16. Rfe1 Rfe8 17. Ne4 Bxe4 18. Bxe4 Nxe4 19. Rxe4 Qc6 20. Rae1 {½-½ (20) Korobov,A (2685)-Romanov,E (2611) Biograd 2018}) 8... Nc6 {LiveBook: 18 Games} 9. Ndf3 Ne4 10. Bd3 f5 11. Nxc6 {And now Bxd6 would win.} Nxg3 12. Ne7+ Qxe7 13. hxg3 g6 $146 (13... c4 $5 {[%cal Rc4d3]} 14. Bc2 Bd7 $15) ({Predecessor:} 13... c4 14. Bc2 Bd7 15. Ne5 Bxe5 16. dxe5 h6 17. Qd4 b5 18. g4 fxg4 19. Qxg4 Be8 20. Rxh6 {1-0 (20) Gosling,B (1966)-Fox,C Penarth 2011}) 14. Qd2 Qg7 15. Ng5 {Hoping for dxc5.} h6 16. Nf3 Bd7 17. Ne5 Bxe5 18. dxe5 Qxe5 19. Rxh6 Kg7 20. f4 Qd6 (20... Qf6 {looks sharper.} 21. Rh1 e5 22. Kf2 Bc6 23. Rh3 Rh8) 21. Rh4 Bc6 22. O-O-O Rh8 23. Be2 Qe7 24. Rdh1 Qf6 25. Bf3 b5 26. Kb1 a5 27. Rxh8 Rxh8 28. Rxh8 Kxh8 29. b4 axb4 30. cxb4 c4 31. Qd4 Qxd4 32. exd4 $11 {[%mdl 4096] Endgame KB-KB} Kg7 33. Kc2 {[#]} (33. g4 $1 $11) 33... Kf6 (33... g5 $1 $17 {[%mdl 512]}) 34. Kd2 (34. g4 $11 {keeps the balance.}) 34... g5 $17 {Black is better.} 35. Bd1 Be8 36. Kc3 Bd7 37. Be2 Kg7 38. Bd1 Kg6 39. Be2 Kf6 40. Bd1 Be8 41. Be2 Bd7 {Precision: White = 50%, Black = 44%.} ({Better is} 41... Bc6 $17) 1/2-1/2

[Event "Saint Louis Invitational-B 2018"]
[Site "Saint Louis"]
[Date "2018.11.19"]
[Round "7"]
[White "Wang, Justin"]
[Black "Ynojosa Aponte, Felix Jose"]
[Result "1/2-1/2"]
[WhiteElo "2409"]
[BlackElo "2355"]
[Annotator "TA"]
[PlyCount "105"]
[EventDate "2018.11.16"]
[EventType "tourn"]
[EventCountry "USA"]
[SourceTitle "playchess.com"]
[Source "ChessBase"]
[SourceQuality "1"]

{[%evp 19,105,27,26,18,19,19,13,0,7,9,4,0,16,0,12,7,45,0,0,0,0,0,0,0,0,0,0,0,0,0,0,0,0,-39,-18,-41,0,-34,-33,-58,-58,-154,-146,-129,-100,-106,-99,-108,-101,-107,-101,-108,-102,-120,-118,-110,-101,-55,-54,-48,-41,-16,-1,-1,-1,-2,-2,-6,-6,-20,0,0,0,0,0,0,0,0,0,0,0,0,0,0,0,0,0,0]} 1. e4 c5 2. Nf3 {[%cal Bg1f3,Bf3d4,Bd4b5,Bb5c3,Bc3d5][%mdl 32]} Nc6 3. d4 cxd4 4. Nxd4 e5 5. Nb5 d6 6. c4 Be7 7. N5c3 {B32: Sicilian: Löwenthal and Kalashnikov Variations} Nf6 {[%cal Bg8f6,Bf6d7,Bd7c5][%mdl 32]} 8. Bd3 O-O 9. O-O Nd7 10. Nd5 Bg5 {LiveBook: 4 Games} 11. Be3 $146 ({Predecessor:} 11. Nbc3 Bxc1 12. Rxc1 Nb6 13. Ne3 Be6 14. Qd2 Qg5 {½-½ (41) Gharamian,T (2614)-Cornette,M (2593) Nimes 2018}) 11... Nc5 12. Nbc3 Bxe3 13. fxe3 Ne7 14. Nxe7+ Qxe7 15. Be2 Qg5 16. Qd2 Qg6 (16... a5 {is more complex.} 17. Rf3 Ra6 18. b3 Qh4 19. Rf2 Rd8) 17. Bf3 Rd8 18. Qe2 Be6 19. Rac1 Rac8 20. Rfd1 Rc6 21. Rd2 Nd7 22. b3 Nf6 23. Rcd1 a6 24. Rd3 Qg5 25. a4 {[%cal Ba2a4,Ba4a5][%mdl 32]} h5 {[%cal Bh7h5,Bh5h4,Bh4h3][%mdl 32]} 26. a5 h4 27. Na4 Qg6 28. Nc3 h3 29. g3 b6 30. R1d2 (30. axb6 $15 Rxb6 31. Na4) 30... bxa5 $17 31. Qd1 {[%cal Rd3d6] [#]} a4 $1 {[%mdl 512]} 32. Nxa4 {[%cal Rd3d6]} (32. bxa4 Rxc4) 32... Nxe4 33. Bxe4 Qxe4 34. Nc3 Qg4 35. Qxg4 Bxg4 36. Ne4 {[%cal Rd3d6]} Rb8 {And now ...Bf5 would win.} 37. Nxd6 Rcb6 38. Rb2 {[#]} e4 $1 {[%mdl 512]} 39. Nxe4 Bf5 40. Rd4 Bxe4 {The position is equal.} 41. Rxe4 Rxb3 42. Re8+ Rxe8 43. Rxb3 $11 {[%mdl 4096] Endgame KR-KR} Rd8 44. Rb2 f5 45. Kf2 Rd1 46. Ra2 Kf7 47. Rxa6 Rd2+ 48. Kf3 Rxh2 {Threatens to win with ...Rh1.} 49. g4 fxg4+ 50. Kxg4 Re2 51. Kxh3 Rxe3+ 52. Kg2 $1 Rc3 53. Rc6 {Accuracy: White = 69%, Black = 80%.} 1/2-1/2

[Event "Saint Louis Invitational-B 2018"]
[Site "Saint Louis"]
[Date "2018.11.19"]
[Round "7"]
[White "Marek, Matyas"]
[Black "Hong, Andrew"]
[Result "0-1"]
[WhiteElo "2361"]
[BlackElo "2368"]
[Annotator "TA"]
[PlyCount "174"]
[EventDate "2018.11.16"]
[EventType "tourn"]
[EventCountry "USA"]
[SourceTitle "playchess.com"]
[Source "ChessBase"]
[SourceQuality "1"]

{[%evp 23,173,0,0,-12,-12,-12,-12,-14,-14,-16,-14,-18,-17,-16,-13,-54,-8,-8,-4,-16,-6,-6,-8,-31,-35,-27,-26,-24,-25,-20,-12,-19,-19,-18,-18,-27,-12,-35,-29,-47,-43,-43,-45,-46,-32,-40,-29,-35,-22,-27,-19,-38,-31,-45,-17,-16,-15,-27,-30,-31,-35,-23,-22,-28,-16,-45,-10,-128,-126,-149,-136,-168,-36,-36,-37,-43,-43,-179,-149,-250,-249,-233,-222,-201,-227,-229,-222,-220,-221,-232,-252,-363,-389,-547,-456,-1427,-866,-1584,-1544,-12850,-29942,-6739,-12120,-29949,-29950,-29955,-29956,-12845,-9842,-29977,-29978,-29978,-29979,-29979,-29980,-29980,-29977,-29977,-29974,-29979,-29980,-29987,-29988,-29988,-29989,-29989,-29990,-29990,-29991,-29991,-29992,-29992,-29993,-29993,-29994,-29994,-29995,-29995,-29996,-29996,-29996,-29996,-29997,-29997,-29996,-29997,-29997,-29997,-29998,-29998,-29999,-29999]} 1. e4 c5 2. Nf3 d6 3. Bb5+ Bd7 4. Bxd7+ Qxd7 5. c4 Nf6 6. Nc3 g6 7. d4 cxd4 8. Nxd4 Bg7 9. f3 O-O 10. Be3 Nc6 11. O-O e6 12. Nde2 {B52: Sicilian: Moscow Variation with 3...Bd7} (12. Rc1 Rfd8 13. Nxc6 bxc6 14. Rf2 d5 15. Rd2 Qe8 16. e5 Nd7 17. f4 Nb6 18. b3 dxc4 19. Ne4 Nd5 {0-1 (33) Giri,A (2798)-Anand,V (2784) Zuerich 2016}) 12... Rfd8 {LiveBook: 4 Games} 13. Qd2 d5 14. cxd5 {The position is equal.} exd5 {[#] aiming for ...d4.} 15. Rad1 {[%cal Re4d5]} dxe4 16. Qxd7 Rxd7 17. Rxd7 Nxd7 18. Nxe4 Re8 {White must now prevent ...f5.} 19. Rd1 $146 Nde5 20. Nd6 Re7 21. Kf2 Rd7 {Strongly threatening ...Nc4!} 22. Nc3 f5 23. Ndb5 Rxd1 24. Nxd1 Nc4 25. b3 Nxe3 26. Kxe3 $11 {[%mdl 4096] Endgame KBN-KNN} Be5 27. h3 Kf7 28. Nbc3 Ke6 29. Ne2 Kd5 30. Ndc3+ Kc5 31. Kd3 b5 32. Kd2 a6 33. Kd3 a5 34. Kd2 Kb4 35. Nb1 a4 36. bxa4 Kxa4 37. Nbc3+ Kb4 38. Nb1 Na5 39. Kd3 Nb7 40. f4 Nc5+ 41. Ke3 Bb2 42. g4 Ne6 43. gxf5 gxf5 44. h4 h5 45. Ng3 {[#]} (45. Nd2 $11 {was the only way to keep the balance.}) 45... Ng7 $1 $17 46. Ne2 Bf6 47. Nd4 Kc5 (47... Bxh4 $19 48. Nc2+ Kc4) 48. Nf3 $1 $15 Ne6 49. Nbd2 Kb4 {...Ka3 is the strong threat.} 50. Nb1 (50. Nf1 $1 $15) 50... Nc7 51. Ne1 (51. Ne5 $17) 51... Nd5+ $19 ({Resist} 51... Bxh4 52. Nd3+ Kc4 53. Na3+ Kd5 54. Nc2) 52. Kf3 Bxh4 53. Nd3+ Kc4 54. Ne5+ Kc5 55. Nd2 Nb4 56. Nb3+ Kd5 57. Nc1 (57. Nf7 {was the only chance.}) 57... Bf6 58. Nf7 (58. Ng6 {was necessary.}) 58... h4 59. Nh6 (59. Nb3 $142 Bg7 60. a3) 59... Ke6 60. Nb3 Bg7 61. Ng4 fxg4+ 62. Kxg4 Nxa2 63. Kxh4 Kf5 64. Kg3 Nc3 65. Kf3 Nd5 66. Ke2 Nxf4+ {Black mates.} 67. Kd2 Ke4 68. Kc2 Kd5 69. Nd2 Ne6 70. Kb3 Kc6 71. Nb1 Kc5 72. Na3 Nd4+ 73. Ka2 b4 74. Nb1 Bh6 75. Kb2 Kc4 76. Na3+ bxa3+ 77. Kxa3 Kb5 {[%cal Bc4b5,Bb5b4,Bb4a4,Ba4b3][%mdl 32]} 78. Kb2 Kb4 79. Ka2 Bc1 80. Kb1 Ba3 81. Ka2 Ka4 82. Kb1 Kb3 83. Ka1 Bc1 {[%cal Ba3c1,Bc1d2,Bd2c3][%mdl 32]} 84. Kb1 Bd2 85. Ka1 Nc2+ 86. Kb1 Na3+ 87. Ka1 Bc3# {Accuracy: White = 43%, Black = 71%.} 0-1

[Event "Saint Louis Invitational-B 2018"]
[Site "Saint Louis"]
[Date "2018.11.19"]
[Round "7"]
[White "Dordzhieva, Dinara"]
[Black "Stearman, Josiah"]
[Result "1/2-1/2"]
[WhiteElo "2340"]
[BlackElo "2309"]
[Annotator "TA"]
[PlyCount "155"]
[EventDate "2018.11.16"]
[EventType "tourn"]
[EventCountry "USA"]
[SourceTitle "playchess.com"]
[Source "ChessBase"]
[SourceQuality "1"]

{[%evp 20,155,18,25,39,25,25,14,42,37,32,-14,10,-41,-25,-39,-60,-67,-65,-56,-28,-25,0,-1,0,0,0,-120,-73,-173,-166,-154,0,0,0,0,0,0,0,0,33,57,60,50,40,0,96,0,8,0,0,-44,0,0,0,0,0,0,0,0,0,0,0,0,0,0,33,0,33,33,52,40,52,53,72,0,0,0,0,0,0,0,0,0,0,0,0,0,0,0,0,0,0,0,0,0,0,0,0,0,0,0,0,0,0,0,0,0,0,0,0,0,0,0,0,0,0,0,0,0,0,0,0,0,0,0,0,0,0,0,0,0,0,0,0,0,0,0]} 1. Nf3 d5 2. g3 Nf6 3. Bg2 c6 4. c4 Bf5 5. O-O e6 6. cxd5 exd5 7. d3 Be7 8. Qb3 {A11: English Opening: 1...c6} Qb6 9. Qc2 Na6 {[%cal Bb8a6,Ba6c7,Bc7e6,Be6d4,Bd4e2,Be2c3][%mdl 32]} 10. a3 O-O 11. Nc3 {LiveBook: 19 Games} Nc7 $146 ({Predecessor:} 11... h6 12. b4 c5 13. Na4 Qc6 14. bxc5 Nxc5 15. Nxc5 Qxc5 {1-0 (55) Movsesian,S (2653)-Wojtaszek,R (2727) Huaian 2016}) 12. e4 Bg6 13. Nh4 Rad8 14. Nxg6 hxg6 15. Bg5 Rfe8 16. Rfe1 (16. Rae1 $11) 16... Ne6 $15 17. Bxf6 Bxf6 18. exd5 Nd4 19. Qa4 $1 Qxb2 20. Ne4 $1 Ne2+ 21. Kf1 Nc3 ({But not} 21... cxd5 $6 22. Rab1 $16) 22. Nxf6+ gxf6 23. Qd4 (23. Qxa7 $11 cxd5 24. Bf3) 23... Qd2 24. Qxf6 (24. a4 $17) 24... Qxd3+ $19 ({Much less strong is} 24... Nxd5 25. Rxe8+ Rxe8 26. Qd4 $17) 25. Kg1 cxd5 $2 ({Black should play} 25... Ne2+ $17 26. Kh1 Rxd5) 26. Re7 $11 Rxe7 27. Qxe7 Rc8 28. Qxb7 Ne2+ 29. Kh1 Qc3 30. Rd1 Qc2 31. Re1 Qc3 32. Rd1 d4 {[#]} (32... Qc2 $11 33. Re1 Qc3) 33. Bd5 ({White should try} 33. Bf3 $1 $16 {[%cal Rf3e2]} Re8 34. Kg2) 33... Rc7 $1 $132 {[%cal Rc7b7][%mdl 2048] Black is fighting back} 34. Qa6 Qc2 35. Re1 Qf5 (35... Re7 $5 {[%cal Re2g3]} 36. Qf6 Qf5 37. Qxf5 Nxg3+ {[%mdl 64] Double Attack, Discovered Attack} 38. Kg2 Nxf5 39. Rxe7 Nxe7 $15) 36. Bxf7+ Rxf7 {[%cal Rf5f3] [#]} 37. Qxe2 {[%mdl 4096] Endgame KQR-KQR} d3 38. Qd2 Qxf2 39. Re8+ Kg7 {[%cal Rf2f1]} 40. Qxd3 Rc7 {( -> ...Rc1+)} 41. Qd1 $1 Qb2 42. Re1 Kh7 43. Qf3 a5 44. Qf4 Qc3 45. Qh4+ Kg7 46. Qe4 $1 Kh7 47. Qh4+ (47. Kg2 $16) 47... Kg7 {The position is equal.} 48. Re7+ Rxe7 49. Qxe7+ {KQ-KQ} Kh6 50. Qf8+ Kh7 51. Qf7+ Kh6 52. Qf4+ Kg7 53. a4 Qe1+ 54. Kg2 Qe2+ 55. Kh3 Qh5+ 56. Qh4 {Strongly threatening Qxh5.} Qf5+ 57. Qg4 Qf1+ 58. Kh4 {aiming for Qd7+.} Qf6+ 59. Qg5 Qd4+ 60. Qf4 Qc5 {[%csl Gg6][%cal Rc5h5]} 61. g4 (61. Qf3 {with more complications.} Qd4+ 62. Kh3 Qxa4 63. Qd5 Qb4 64. Qe5+) 61... Qe7+ 62. Kh3 Qa3+ 63. Kg2 Qa2+ 64. Kf3 Qa3+ 65. Kg2 Qa2+ 66. Kg3 Qa3+ 67. Kh4 Qe7+ 68. g5 Qe1+ 69. Kh3 {Qf6+ is the strong threat.} Qe6+ 70. Kg3 Qe1+ 71. Kh3 {Hoping for Qf6+.} Qe6+ 72. Kg2 Qe2+ 73. Kg3 {Threatens to win with Qf6+.} Qe1+ 74. Kf3 {And now Qf6+ would win.} Qf1+ 75. Ke3 Qc1+ 76. Ke4 Qc4+ 77. Kf3 Qf1+ 78. Ke4 {Accuracy: White = 48%, Black = 60%.} 1/2-1/2

[Event "Saint Louis Invitational-B 2018"]
[Site "Saint Louis"]
[Date "2018.11.19"]
[Round "7"]
[White "Yip, Carissa"]
[Black "Williams, Justus"]
[Result "1/2-1/2"]
[WhiteElo "2318"]
[BlackElo "2335"]
[Annotator "TA"]
[PlyCount "135"]
[EventDate "2018.11.16"]
[EventType "tourn"]
[EventCountry "USA"]
[SourceTitle "playchess.com"]
[Source "ChessBase"]
[SourceQuality "1"]

{[%evp 14,135,0,9,8,-2,0,-7,7,0,0,0,0,0,0,-1,-14,-66,0,0,0,0,0,-3,8,2,6,12,14,0,0,0,0,0,0,-41,-53,-82,-82,-201,-193,-193,-200,-192,-187,-174,-133,-232,-257,-247,-235,-245,-239,-266,-244,-374,-212,-222,-219,-200,-202,-202,-182,-278,-264,-337,-250,-229,-199,-333,-333,-327,-316,-451,-431,-530,-518,-406,-110,-110,-111,-80,0,0,0,-8,-8,-8,0,0,0,0,0,0,0,0,0,0,0,0,0,0,0,0,0,0,0,0,0,0,0,0,0,0,0,0,0,0,0,0,0,0,0,0]} 1. Nf3 d5 2. g3 c5 3. Bg2 Nc6 4. O-O e5 5. d3 Nf6 6. e4 Be7 7. Nc3 {A08: King's Indian Attack} dxe4 (7... d4 8. Ne2 O-O 9. Ne1 b5 10. f4 c4 11. Nf3 Nd7 12. Bh3 Re8 13. Kh1 exf4 14. Nxf4 Bb7 15. Nd5 Nb6 16. Nxe7+ Qxe7 {½-½ (51) Danielsen,H (2500)-Nikolov,M (2532) Odense 2013}) 8. dxe4 {LiveBook: 3 Games} Qxd1 9. Rxd1 Bg4 10. Re1 Nd4 11. Nxd4 cxd4 12. Nd5 Nxd5 $146 ({Predecessor:} 12... Rc8 13. c3 dxc3 14. bxc3 Bc5 {1-0 (32) Munster,P-Vandevoort,C Huy 1992}) 13. exd5 f6 14. f4 Bb4 15. Rf1 (15. c3 $11 dxc3 16. fxe5) 15... d3 (15... O-O $15) 16. Be3 $11 dxc2 17. fxe5 fxe5 18. a3 Ba5 19. Be4 Bd1 20. Rc1 Rc8 21. d6 Bb6 22. Bxb6 axb6 23. Rf2 {[%cal Re4c2]} Kd7 $36 {[%mdl 2048] Black has good play.} 24. Rd2 {aiming for Bf5+.} g6 25. Bxb7 Rc4 $1 26. Kf2 (26. Ba6 $17 Rd4 27. Rxd4 exd4 28. Bd3) 26... Rd4 $1 $19 {[%cal Rd4d2]} 27. Ke3 Rxd2 ({Inferior is} 27... Rxd6 28. Be4 $11) 28. Kxd2 {[%mdl 4096] Endgame KRB-KRB} Rf8 ({And not} 28... Kxd6 29. Be4 $11) 29. Ke3 Rf1 $1 ({Stronger than} 29... Kxd6 30. Be4 $11) 30. h4 (30. a4 $17) 30... Re1+ 31. Kd2 Re2+ 32. Kd3 Kxd6 33. Bf3 Re1 34. Kd2 (34. Be4 {only move.}) 34... Rg1 (34... e4 $142 35. Bxd1 cxd1=Q+ 36. Rxd1 Rxd1+ 37. Kxd1 Kc5) 35. g4 Rg3 $1 {[%cal Rg3f3]} 36. Bxd1 cxd1=Q+ 37. Rxd1 Rxg4 {KR-KR} 38. Ke3+ (38. Rh1 $142) 38... Ke6 39. Rc1 Kf5 40. Rf1+ {[#]} Rf4 $1 {[%cal Rf4f1]} 41. Rh1 (41. Ke2 $142) 41... h5 42. b4 Rg4 43. Kf3 (43. Kd2 {is a better defense.}) 43... e4+ 44. Kf2 Kf4 45. Rh3 Ke5 $2 (45... b5 $19 46. a4 bxa4) 46. a4 $17 Kd5 47. a5 {[#]} bxa5 ({Black should play} 47... e3+ $1 $17 48. Rxe3 Rxh4 49. Rd3+ Kc6 50. b5+ Kxb5 51. axb6 Kc6) 48. bxa5 $11 {The position is equal.} Kc6 {White must now prevent ...Kb5.} 49. Rb3 Rxh4 50. Rb6+ Kc5 51. Rxg6 Kd4 52. Rd6+ Ke5 53. Rh6 Rh2+ 54. Kg3 Ra2 (54... Rh1 {feels hotter.} 55. Rh8 Kd4 56. Kf2 e3+ 57. Kf3 Rf1+) 55. Rxh5+ Kd4 56. Kf4 e3 {Hoping for ...Rf2+.} 57. Rh1 Rf2+ 58. Kg3 $1 Rf6 59. Ra1 e2 {( -> ...Rf1)} 60. Kg2 $1 Kc4 61. Ra4+ Kc3 62. Ra3+ Kd2 63. Ra2+ Ke3 64. Ra3+ Ke4 (64... Kd2 $5 65. Ra2+ $8 Ke3 66. Ra3+ Kd4 $11) 65. Ra4+ Kd5 (65... Ke3 $5 66. Ra3+ $8 Kd4 $11) 66. Ra1 Kc4 67. Ra4+ Kc3 68. Ra3+ {Accuracy: White = 66%, Black = 73%.} 1/2-1/2